000 00656nam a22002177a 4500
003 UA-OsUOA
001 65076
007 ta
008 20091112b un ||||| |||| 00| 0 ukr d
090 _a012(477)
_bЗ-11
942 _cBK
040 _aUA-OsUOA
_bukr
_cUA-OsUOA
_dUA-OsUOA
245 _aЗ Україною в серці: шляхи творчої долі Миколи Гоголя
_bБібліографічний покажчик
300 _a49 с.
955 _a1
041 _aukr
080 _a012(477)
260 _aК.
_c2009
650 7 _a01 Бібліографія і бібліографії. Каталоги
_2UDC
999 _c351191
_d351191